00519cam a22001574a 4500020002200000020001800022040000800040082002600048245007300074260004200147300003400189490003000223650003100253710001600284856006100300 a0821364987 (pbk.) a9780821364987 cDLC00a333 WOR 2006 A069 Or.00aReengaging in agricultural water managementbchallenges and options. aWashington, DC :bWorld Bank,cc2006. axix, 218 p. :bill. ;c23 cm.1 aDirections in development 0aWater-supply, Agricultural2 aWorld Bank.40uhttp://elibrary.worldbank.org/content/book/9780821364987